000 00324nam a2200121Ia 4500
008 220217s9999||||xx |||||||||||||| ||und||
082 _a511.6 CHO
100 _aChoudhary, B
245 0 _aElements of complex analysis
260 _aNew age international Ltd.
_bBangalore
_c2001
300 _b185
650 _aMATHEMATICS
999 _c175733
_d175733